[Event "India rating op"]
[Site "India"]
[Date "2019.02.03"]
[Round "2"]
[White "Bartakke, Amardeep S"]
[Black "Venkatraman, Satyamurthy"]
[Result "1-0"]
[WhiteElo "2134"]
[BlackElo "1313"]
[PlyCount "85"]
[EventDate "2019.02.03"]
[EventType "swiss"]
[EventRounds "11"]
[EventCountry "IND"]
[SourceTitle "EXT 2021"]
[Source "ChessBase"]
[SourceDate "2020.10.23"]
[SourceVersion "1"]
[SourceVersionDate "2020.10.23"]
[SourceQuality "1"]

1. e4 e6 2. d4 d5 3. Nd2 Nf6 4. e5 Nfd7 5. Bd3 c5 6. c3 Nc6 7. Ne2 cxd4 8. cxd4 Be7 9. 0-0 0-0 10. Nf3 f6 11. exf6 Bxf6 12. a3 e5 13. dxe5 Ndxe5 14. Nxe5 Nxe5 15. Bc2 Be6 16. Nd4 Bf7 17. Bf4 Rc8 18. Rc1 Ng6 19. Be3 Re8 20. Bb3 Qd7 21. Ba4 Rxc1 22. Bxc1 Qd8 23. Bxe8 Qxe8 24. Re1 Qd7 25. Be3 Ne5 26. h3 Nc4 27. Bc1 a6 28. b3 Nd6 29. Be3 Ne4 30. Qc1 Qd6 31. b4 Qd7 32. Nf3 Nd6 33. Bd4 Bd8 34. Ne5 Qf5 35. Nxf7 Qxf7 36. Qc5 Ne4 37. Qc8 Qf8 38. Qxb7 Bf6 39. Qxd5+ Kh8 40. Qxe4 Bxd4 41. Qxd4 h6 42. Qd7 Qf5 43. Qxf5 1-0